Trasa Linii 141 (MPK KRAKÓW) - Statystyki

Ogólne statystyki
  • Ten quiz został rozwiązany 5 razy
  • Średni wynik to 14 z 19
Statystyki odpowiedzi
Lp. Ulica Przystanek % Poprawnych
2. (NŻ) Igołomska Brama nr 8
100%
3. (NŻ) Igołomska Igołomska Zakłady
100%
1. Igołomska Pleszów
100%
5. (NŻ) RzepakowaIgołomska Igołomska (WAR) Rzepakowa
100%
4. (NŻ) Igołomska Szymańskiego
100%
11. (NŻ) Rzepakowa Ciekowiec
67%
WAR (NŻ) Jeziorko Cmentarz Ruszcza
67%
WAR (NŻ) Jeziorko Cmentarz Ruszcza
67%
WAR Karasiówka Kępa Grabska
67%
7. (NŻ) Rzepakowa Prawocheńskiego
67%
12. Rzepakowa Przylasek Rusiecki
67%
10. Rzepakowa Przylasek Rusiecki Kąpielisko
67%
WAR Jeziorko Ruszcza
67%
WAR (NŻ) Igołomska Rzepakowa
67%
9. (NŻ) Rzepakowa Rzepakowa Świetlica
67%
WAR (NŻ) Jeziorko Wyciąska
67%
WAR (NŻ) Igołomska Wyciąska
67%
6. (NŻ) Rzepakowa Barwinkowa
33%
8. (NŻ) Rzepakowa Przylasek Rusiecki Północ
33%
Nie znaleziono quizów pasujących do podanych kryteriów
Rozkład punktacji
Procent ludzi z każdym wynikiem
Percentyl według liczby udzielonych odpowiedzi
Twoja historia wyników
Nie rozwiązałeś tego quizu